<?xml version="1.0" encoding="utf-8"?>
<?xml-stylesheet type='text/xsl' href='./oai2.xsl'?>
<OAI-PMH xmlns="http://www.openarchives.org/OAI/2.0/" xmlns:xsi="http://www.w3.org/2001/XMLSchema-instance" xsi:schemaLocation="http://www.openarchives.org/OAI/2.0/ http://www.openarchives.org/OAI/2.0/OAI-PMH.xsd">
  <responseDate>2026-04-29T15:29:09Z</responseDate>
  <request verb="GetRecord" metadataPrefix="marcxml" identifier="record_kuniweb_675898">https://kulturerbe.niedersachsen.de/oai</request>
  <GetRecord>
    <record>
      <header>
        <identifier>record_kuniweb_675898</identifier>
        <datestamp>2021-12-14T12:05:43Z</datestamp>
        <setSpec>slg0017</setSpec>
      </header>
      <metadata>
        <marc:record xmlns:marc="http://www.loc.gov/MARC21/slim" xsi:schemaLocation="http://www.loc.gov/MARC21/slim http://www.loc.gov/standards/marcxml/schema/MARC21slim.xsd">
          <marc:leader>12345nrm  22     uu 4500</marc:leader>
          <marc:controlfield tag="001">675898</marc:controlfield>
          <marc:controlfield tag="003">http://kuniweb.gbv.de</marc:controlfield>
          <marc:controlfield tag="005">2017-04-04T10:32:48</marc:controlfield>
          <marc:controlfield tag="008">|           ||||||||||||||||||||||</marc:controlfield>
          <marc:datafield tag="245" ind1="1" ind2="0">
            <marc:subfield code="a">Die Marter der sieben Söhne der Felicitas</marc:subfield>
          </marc:datafield>
          <marc:datafield tag="700" ind1="1" ind2=" ">
            <marc:subfield code="a">Lucas Cranach &lt;der Ältere&gt;</marc:subfield>
            <marc:subfield code="d">* 1472 † 1553</marc:subfield>
            <marc:subfield code="e">Maler</marc:subfield>
          </marc:datafield>
          <marc:datafield tag="655" ind1=" " ind2="7">
            <marc:subfield code="a">Malerei</marc:subfield>
          </marc:datafield>
          <marc:datafield tag="046" ind1=" " ind2=" ">
            <marc:subfield code="k">1530</marc:subfield>
            <marc:subfield code="k">ca. 1530 - ca. 1535</marc:subfield>
            <marc:subfield code="l">1535</marc:subfield>
          </marc:datafield>
          <marc:datafield tag="260" ind1=" " ind2=" ">
            <marc:subfield code="g">1530</marc:subfield>
            <marc:subfield code="g">1535</marc:subfield>
            <marc:subfield code="g">ca. 1530 - ca. 1535</marc:subfield>
          </marc:datafield>
          <marc:datafield tag="300" ind1=" " ind2=" ">
            <marc:subfield code="a">Breite: 45 cm (je Flügel)
Höhe: 151 cm (je Flügel)</marc:subfield>
          </marc:datafield>
          <marc:datafield tag="520" ind1=" " ind2=" ">
            <marc:subfield code="a">Die Flügel gehören zu einem Altar, den Lucas Cranach d. Ä. für die Stiftskirche St. Alexandri in Einbeck schuf. Die Mitteltafel mit der Kreuzigung und die beiden inneren Seitentafeln mit den hlg. Alexander und Felicitas befinden sich heute in der Kreuzkirche in Hannover. Auf den hier ausgestellten Außenseiten der Tafeln ist das Martyrium der Söhne Felicitas’ dargestellt. Die Verehrung der römischen Witwe Felicitas reicht bis in das 5. Jahrhundert zurück. Unter Kaiser Antonius (138 - 161 n. Chr.) wurde sie gemeinsam mit ihren Söhnen aufgrund ihres christlichen Glaubens verurteilt. Vor Felicitas' Augen wurden zunächst die sieben Söhne, darunter auch der Stiftspatron Alexander, zu Tode gemartert und schließlich auch sie selbst hingerichtet.  (Niedersächsisches Landesmuseum Hannover)</marc:subfield>
          </marc:datafield>
          <marc:datafield tag="650" ind1="1" ind2=" ">
            <marc:subfield code="a">Malerei &gt; painting</marc:subfield>
          </marc:datafield>
          <marc:datafield tag="650" ind1="1" ind2=" ">
            <marc:subfield code="a">Malerei</marc:subfield>
          </marc:datafield>
          <marc:datafield tag="773" ind1="0" ind2=" ">
            <marc:subfield code="t">Landesgalerie</marc:subfield>
          </marc:datafield>
          <marc:datafield tag="852" ind1=" " ind2=" ">
            <marc:subfield code="a">Niedersächsisches Landesmuseum Hannover</marc:subfield>
          </marc:datafield>
          <marc:datafield tag="" ind1=" " ind2=" ">
            <marc:subfield code="a">Namensnennung 4.0 International (CC BY 4.0)</marc:subfield>
          </marc:datafield>
        </marc:record>
      </metadata>
    </record>
  </GetRecord>
</OAI-PMH>
